Is It Psychedelic? - Statistics

General Stats
  • This quiz has been taken 8 times
  • The average score is 2 of 11
Answers on the Grid
Answers color-coded by a green-red scale on the quiz's grid according to % correct below.
What's Going On
The Velvet Underground
The Rise and Fall of Ziggy Stardust and the Spiders From Mars
Red
Paranoid
Low
Led Zeppelin [IV]
Five Leaves Left
Blonde on Blonde
A Love Supreme
The Doors
Revolver
Quebec
Odessey and Oracle
Nonagon Infinity
Maggot Brain
Ladies and Gentlemen We Are Floating in Space
L.A. Woman
Hot Rats
Forever Changes
Are You Experienced
 
Answer Stats
Answer % Correct
Are You Experienced
33%
Controversial, but true L.A. Woman
33%
Maggot Brain
33%
Revolver
33%
The Doors
33%
Forever Changes
17%
Hot Rats
17%
Ladies and Gentlemen We Are Floating in Space
17%
Odessey and Oracle
17%
Nonagon Infinity
0%
Quebec
0%
No matching quizzes found
Score Distribution
Percent of People with Each Score
Percentile by Number Answered
Your Score History
You have not taken this quiz